000 nam a22 a 4500
999 _c918
_d918
005 20170508091921.0
008 170508s1988 my ||||| |||| 00| 0 may d
020 _cRgt. 1.90 (kkt.)
040 _aAKMAL
082 _a297.1228 IDR
090 _a297.1228
_bIDR
245 _aTanda-tanda kiamat /
_csusunan Ibnu Idris
260 _aKuala Lumpur
_bPustaka Al-Mizan
_c1988
300 _avii, 80ms.
_c20cm
650 _aJudgment Day (Islam)
_91941
650 _aIslamic eschatology
_91940
650 _aEnd of the world (Islam)
_91964
700 _aIbnu Idris
_91965
942 _2ddc
_cBOOK